01233nam a2200301Ia 4500001001200000003000800012006001900020007001500039008004100054040002100095035002100116050002200137100001800159245012500177260006200302300001800364490003500382504004100417533015200458650002600610650002800636655002900664700002600693710003300719710001700752830003600769856012600805ebr10369516CaPaEBRm u cr cn|||||||||100902s2009 dcua sb i000 0 eng d aCaPaEBRcCaPaEBR a(OCoLC)64972000514aHD75b.I49 2009eb1 aIlyina, Anna.12aA multi-industry model of growth with financing constraintsh[electronic resource] /cAnna Ilyina and Roberto Samaniego. a[Washington, D.C.] :bInternational Monetary Fund,c2009. a52 p. :bill.1 aIMF working paper ;vWP/09/119 aIncludes bibliographical references. aElectronic reproduction.bPalo Alto, Calif. :cebrary,d2011.nAvailable via World Wide Web.nAccess may be limited to ebrary affiliated libraries. 0aEconomic development. 0aConvergence (Economics) 7aElectronic books.2local1 aSamaniego, Roberto M.2 aInternational Monetary Fund.2 aebrary, Inc. 0aIMF working paper ;vWP/09/119.40uhttp://site.ebrary.com/lib/rucke/Doc?id=10369516zAn electronic book accessible through the World Wide Web; click to view